00257nam a22000857a 4500008004100000082002100041245008400062260001600146300000900162230621b xxu||||| |||| 00| 0 eng d a327.54bGAN 1982 aPrime Minister Indira GandhibStatements on Foreign Policy January- March, 1982 aIndiac1982 a173p